Κατάλογος Βιβλιοθηκών Mediterranean College

Late Marxism / Adorno, Or, The Persistence of the Dialectic (Record no. 374)

MARC details
000 -LEADER
fixed length control field 01386cam a22001934a 4500
005 - ΗΜΕΡΟΜΗΝΙΑ ΚΑΙ ΩΡΑ ΤΕΛΕΥΤΑΙΑΣ ΕΝΗΜΕΡΩΣΗΣ
Πεδίο ελέγχου 20250605163933.0
008 - FIXED-LENGTH DATA ELEMENTS--GENERAL INFORMATION
Πεδίο ελέγχου σταθερού μήκους 250528s ||||||||||||||||||||||||d
035 ## - SYSTEM CONTROL NUMBER
System control number 14754
020 ## - ISBN
ISBN 860919811
040 ## - ΠΗΓΗ ΚΑΤΑΛΟΓΟΓΡΑΦΗΣΗΣ
Φορέας πρωτότυπης καταλογογράφησης MC Athens Campus Library
Γλώσσα καταλογογράφησης Ελληνικά, Μοντέρνα (1453-)
Modifying agency MC Athens Campus Library
Κανόνες περιγραφικής καταλογογράφησης AACR2
245 1# - ΤΙΤΛΟΣ ΚΑΙ ΔΗΛΩΣΗ ΥΠΕΥΘΥΝΟΤΗΤΑΣ
Τίτλος Late Marxism / Adorno, Or, The Persistence of the Dialectic
260 ## - PUBLICATION, DISTRIBUTION, ETC.
Name of publisher, distributor, etc. Verso,
Date of publication, distribution, etc. 1992
300 ## - PHYSICAL DESCRIPTION
Extent 278
520 ## - SUMMARY, ETC.
Summary, etc. The most philosophically sophisticated and searching study of Theodor Adorno to appear in English...powerful and persuasive. Introduction: Adorno in the Stream of Time, Baleful Enchantments of the Concept, Identity and Anti-Identity, Dialectics and the Extrinsic, Sociology and the Philosophical Concept, The Uses and Misuses of Culture Critique, Benjamin and Constellations, Models, Kant and Negative Dialectics, The Freedom Model, The History Model, Natural History, The Metaphysics Model, Parable of the Oarsmen, Bias Towards the Objective, The Guilt of Art, Vicissitudes of Culture on the Left, Mass Culture as Big Business, The Culture Industry as Narrative, Productivities of the Monad, Nominalism, The Crisis of Schein, Reification, The Monad as an Open Closure, Forces of Production, Relations of Production, The Subject and Language, Truth-Content and Political Art, Adorno in the Postmodern, Notes, Index.
700 1# - ΠΡΟΣΘΕΤΗ ΑΝΑΓΡΑΦΗ--ΦΥΣΙΚΟ ΠΡΟΣΩΠΟ
Personal name Jameson Fredric
9 (RLIN) 509
942 ## - ADDED ENTRY ELEMENTS (KOHA)
Koha item type Books
Holdings
Τύπος τεκμηρίου Βιβλιοθήκη Τρέχουσα τοποθεσία Barcode Αριθμός εισαγωγής Ημερομηνία απόκτησης Ταξιθετικό σύμβολο Αριθμός αντιτύπου Κατάσταση απόσυρσης Κατάσταση χαμένου Κατάσταση κατεστραμμένου Μη δανεισμός Σύνολο δανεισμών Ημερομηνία τελευταίας εμφάνισης Η τιμή ισχύει από
Books MC Athens Campus Library MC Athens Campus Library 9780000003737 4488 05/06/2025 193 JAM 1           05/06/2025 05/06/2025

MC Athens Campus Library
Πατησίων 94 & Κοδριγκτώνος 13, 104 34
Πελλήνης 8 & Πατησίων 107, 112 51
Τ: +30 210 8899600

MC Thessaloniki Campus Library
Ίωνος Δραγούμη 21, 54625 | Ίωνος Δραγούμη 15, 54625
Τ: +30 2310 287779 – Τ: +30 2314 440300